000 00438pab a2200157 454500
008 180718b2011 xxu||||| |||| 00| 0 eng d
100 _aPandian, Siluvai Nesa
245 _aAdministration of schools in Madurai district: A new revolution
260 _c2011
300 _ap.48-53.
362 _aJuly-Dec
650 _aEducational Management
773 _aSouth Asian Journal of Socio-Political Studies
908 _aN
909 _a94379
999 _c94379
_d94379